| 000 | 01153nam a2200265Ia 4500 | ||
|---|---|---|---|
| 999 |
_c49209 _d49209 |
||
| 001 | 16120 | ||
| 003 | GE_BSU | ||
| 005 | 20241003140012.0 | ||
| 008 | 181216s2011||||ge |||||||||||||| ||geo|| | ||
| 020 | _a9789941028489 | ||
| 040 | _cGE_BSU | ||
| 041 | _ageo | ||
| 080 | _a616.314(075.8) მ-23 | ||
| 100 |
_aმამალაძე, მარინა. _93459 |
||
| 245 |
_aოპერაციული ოდონტოლოგია : _bნაწ. 1 / _cმარინა მამალაძე, ნინო კორსანტია, ლია სანოძე. |
||
| 264 |
_aთბილისი : _bშპს "ფავორიტი პრინტი, _c2011. |
||
| 300 |
_a311 გვ. : _bილ. + 1 CD. _c23 სმ. |
||
| 500 | _aბიბლიოგრაფია თავების ბოლოს. | ||
| 541 | _h72ლ. | ||
| 653 | _aოპერაციული ოდონტოლოგია | ||
| 653 | _aმედიცინა | ||
| 700 |
_aკორსანტია, ნინო _eავტორი _93460 |
||
| 700 |
_aსანოძე, ლია _eავტორი _910188 |
||
| 942 |
_cBK _2udc |
||